01023nam a22003137a 4500001000700000003000900007005001700016007000300033008003400036020001500070040002200085082002400107100003400131245008300165260004000248300003000288490000600318500000600324500004200330590002600372650004000398650002400438650002300462700003000485910004100515942001200556952012400568999001700692000638DO-SdBNP20231130103632.0ta161104b1975 nuy a ||| 00| 0 eng d a0394830199 aBPMSUbspacBPMSU 4a813bM821n 19752221 4Moore, Clement C. 61779-186314aThe night berore christmas /cClement C. Moore; ilustrado por Douglas Gorsline aNew York : b Random House, c1975 a23 p. : bil., ;c20 cm.  a  a  aPrimera reimpresión: abril de 2008. aInventariado, 2023/VM 4aCuentos infantiles estadounidenses  4aNavidad. vCuentos  4aLibros infantiles 1 a Gorsline, Douglaseils.  aVMateo V. Control de calidad. BPMSU  2ddccBK 00102ddc40708CI-GaBPMETbBPMETd2023-11-30l0oBPMSU CGI 813 M821n 1975pBPMSU23110016r2023-11-30w2023-11-30yBK c14493d14493